| 000 | 00655nam a2200181 a 4500 | ||
|---|---|---|---|
| 008 | 120201s2007 ||||||||||||||||| || u | ||
| 020 | _a9781412902694 | ||
| 050 | _aP 95.54 Sca | ||
| 100 | _aScanell, Paddy | ||
| 245 | 1 | 0 |
_aMedia and communication _cby Paddy Scannell |
| 260 |
_aLondon: _bSAGE Publications _c2007 |
||
| 300 | _aviii, 303p.: ill. | ||
| 350 | _a0.00 | ||
| 650 | 0 | _aCOMMUNICATION--SOCIAL ASPECTS | |
| 650 | _aMASS MEDIA--SOCIAL ASPECTS | ||
| 650 | _aCOMMUNICATION | ||
| 995 |
_D0.00 _FCBU-MAIN LIBRARY (Kitwe) _H1 _I0.00 _M1 _UAVAILABLE _WMar 21, 2012 _ZMain Library Open Access Collection |
||
| 999 |
_c50935 _d50935 |
||